Statistics for Word chain (tennis players)

Click here to take the quiz!

General Stats

  • This quiz has been taken 75 times
  • The average score is 11 of 26

Answer Stats

HintAnswer% Correct
Don't mess with his bottles !Nadal
83%
Won all slams and Olympic goldAgassi
70%
Won the French Open 6 times and Wimbledon 5 timesBorg
70%
All time greatest contender. She won everything there was to win in all categoriesNavratilova
65%
First black player to win a grand slam (he eventually won 2 more)Ashe
59%
5 time singles Grand slam champion from Switzerland, she much later returned to the top of the doubles rankingsHingis
59%
Big server from South Africa. Made his top 10 debut in 2015Anderson
49%
Seven time Grand Slam champion from Belgium with a spectacular backhandHenin
49%
First Japanese male player in the top 10Nishikori
49%
1987 Wimbledon champion from AustraliaCash
48%
Only player to win Wimbledon as a wildcardIvanišević
46%
Scream queen who won two Australian Open titlesAzarenka
38%
2008 French Open champion. On every "most beautiful athletes" listIvanovic
37%
Last French man to win a grand slam (back in 1983)Noah
37%
US Open and Australian champion famous for his good looks and fiery temper on courtSafin
37%
Most elegant player ever ? 6 time Grand slam winner from SwedenEdberg
33%
First tennis superstar, she dominated women's tennis from 1914 until 1926.Lenglen
33%
An under-arm serve against the best player in the world ? What a great idea ! Most famous serve ever ?Chang
32%
Third time lucky at Wimbledon in 1998 for this emotional Czech playerNovotna
32%
French Open finalist turned coach of Soderling and WawrinkaNorman
30%
2007 Australian Open finalistGonzález
25%
She beat Navratilova and Evert to win the US Open at age 16Austin
24%
Unexpected French Open winner in 1990Gómez
22%
Finalist in Wimbledon and the US Open in 2010. Had a tendency to cry on court.Zvonareva
22%
Best player never to win a slam ? His best result was a final at WimbledonNalbandian
19%
Loser of the shortest grand slam final at the 1988 French OpenZvereva
17%

Score Distribution

Percentile by Number Answered

Percent of People with Each Score

Your Score History

You have not taken this quiz